| 000 | 00925cam a22002771 4500 | ||
|---|---|---|---|
| 001 | sa 68012437 | ||
| 003 | DLC | ||
| 005 | 20260227112610.0 | ||
| 008 | 711115s1961 pk bc 00000 eng | ||
| 010 | _asa 68012437 //r912 | ||
| 025 | _aPL480:P-E-1349 | ||
| 040 |
_aDLC _cDLC _dDLC |
||
| 041 | 0 | _aengaraper | |
| 043 | _aa-pk--- | ||
| 050 | 0 | 0 |
_aZ6621.D8684 _bS27 1961 |
| 100 | 1 | 0 |
_aSarwar, Ghulam, _cDr. |
| 245 | 1 | 2 | _aA descriptive catalogue of the oriental manuscripts in the Durgah Library, Uch Sharif Gilani, Bahawalpur State. |
| 260 | 0 |
_aBahawalpur, _bUrdu Academy _c[1961] |
|
| 300 |
_axiv, 219 p. _c22 cm. |
||
| 350 | _aRs3 | ||
| 490 | 0 | _a[Silsilat maṭbūʻāt Urdū Akādimī, bi-Hāwal Pūr] | |
| 500 | _aCover title: Manuscripts, Gilani Library, Uch. | ||
| 500 | _aArabic, English or Persian. | ||
| 650 | 0 |
_aManuscripts, Oriental _zBahāwalpur, Pakistan (State) _xCatalogs. |
|
| 710 | 2 | 0 | _aDurgah Library. |
| 999 |
_c84529 _d84529 |
||